|
|
|
|
| LEADER |
00786cam a2200205 7i4500 |
| 001 |
0000129611 |
| 005 |
20170828090000.0 |
| 008 |
170705s2015 my eng |
| 020 |
# |
0 |
|a 9789673444519
|
| 090 |
0 |
0 |
|a QL 620
|b .F57 2015
|
| 245 |
0 |
0 |
|a Fishes of the Northwestern Johor Strait Peninsular Malaysia
|c edited by Seishi Kimura...[et. al].
|
| 260 |
# |
# |
|a Malaysia:
|b Penerbit Universiti Putra Malaysia and Mie University Japan,
|c 2015.
|
| 300 |
# |
# |
|a 108 p.:
|b col., ill.;
|c 26 cm..
|
| 500 |
# |
# |
|a Inlcudes index
|
| 590 |
# |
# |
|a Perpustakaan Sultanah Nur Zahirah
|
| 650 |
0 |
0 |
|a Fishes --
|x Identification --
|z Johor
|
| 650 |
0 |
0 |
|a Fishes --
|x Variation --
|z Johor
|
| 650 |
0 |
0 |
|a Fishes --
|z Malaysia --
|z Johor
|
| 700 |
0 |
1 |
|a Seishi Kimura
|
| 999 |
|
|
|a 1100100550
|b Book
|c Open Shelf
|e KOLEKSI TERBUKA
|